Cristo, el misterio de Dios: Cristología y Soteriología

Сохранить в:
Библиографические подробности
Главный автор: González Gil, Manuel M (Автор)
Формат:
Язык:испанский
Опубликовано: Madrid Biblioteca de Autores Cristianos 1976
Предметы:
Метки: Добавить метку
Нет меток, Требуется 1-ая метка записи!

MARC

LEADER 00000nam a2200000 a 4500
001 UCX3796
003 CL-VaPUC
008 920103e19760000SP |||||||||||||||||spa|d
082 0 4 |a 232  |b GON  |2 21 
100 0 |a González Gil, Manuel M  |e author  |9 319992 
245 1 0 |a Cristo, el misterio de Dios: Cristología y Soteriología 
300 |a 2 v 
942 |c BK 
945 |d 19920103 00:00:00  |a aalvarez 
260 |a Madrid  |b Biblioteca de Autores Cristianos  |c 1976 
600 0 |a Jesús  |9 313614 
583 |a last modification  |c 19920103 00:00:00  |k Rodrigo Vera 
999 |c 224456  |d 224454 
952 |0 0  |1 0  |4 0  |6 232_000000000000000_GON_1976  |7 0  |8 A  |9 221104  |a BIBTEO  |b BIBTEO  |d 2019-11-15  |h v.1  |i 2898543  |o 232 GON 1976  |p 2898543  |r 2025-01-17  |w 2019-11-15  |y BK  |k ICR 
952 |0 0  |1 0  |4 0  |6 232_000000000000000_GON_1976  |7 0  |8 A  |9 221105  |a BIBTEO  |b BIBTEO  |d 2019-11-15  |h v.2  |i 2898551  |o 232 GON 1976  |p 2898551  |r 2025-01-17  |w 2019-11-15  |y BK  |k ICR